|
|
|
|
| LEADER |
01379nam a2200337 i 4500 |
| 001 |
34109 |
| 003 |
BD-DhAAL |
| 005 |
20211124125008.0 |
| 008 |
190102t2018 nyua 000 1 eng |
| 999 |
|
|
|c 40125
|d 40125
|
| 010 |
|
|
|a 2017041243
|
| 020 |
|
|
|a 9781627790772 (hardcover)
|
| 020 |
|
|
|a 9781627790789 (Ebook)
|
| 040 |
|
|
|a DLC
|b eng
|e rda
|c DLC
|d DLC
|d BD-DhAAL
|
| 042 |
|
|
|a pcc
|
| 050 |
0 |
0 |
|a PR9199.4.H48
|b M68 2018
|
| 082 |
0 |
0 |
|a 813.6
|2 23
|
| 100 |
1 |
|
|a Heti, Sheila,
|d 1976-
|e author.
|9 29338
|
| 245 |
1 |
0 |
|a Motherhood /
|c Sheila Heti
|
| 250 |
|
|
|a First edition.
|
| 260 |
|
|
|a New York :
|b Henry Holt and Company,
|c c2018.
|
| 300 |
|
|
|a 284 pages :
|b illustrations ;
|c 22 cm.
|
| 520 |
|
|
|a From the author of How Should a Person Be? How Should A Person Be?Motherhood is a courageous, keenly felt, and starkly original novel that will surely spark lively conversations about womanhood, parenthood, and about how?and for whom?to live.
|
| 526 |
|
|
|a ENH
|
| 541 |
|
|
|a Trim Education
|e 34109
|
| 650 |
|
0 |
|a Motherhood
|v Fiction.
|9 29339
|
| 650 |
|
0 |
|a Motherhood.
|9 29385
|
| 650 |
|
0 |
|a English literature.
|9 43053
|
| 852 |
|
|
|a Ayesha Abed Library
|c General Stacks
|
| 942 |
|
|
|2 ddc
|c BK
|
| 952 |
|
|
|0 0
|1 0
|2 ddc
|4 0
|6 813_600000000000000_HET
|7 0
|9 64759
|a BRACUL
|b BRACUL
|c GEN
|d 2018-12-09
|e Trim Education
|g 3105.00
|l 3
|m 10
|o 813.6 HET
|p 3010034109
|r 2020-01-30
|s 2020-01-21
|t 1
|v 3105.00
|w 2018-12-09
|y BK
|